000 00345nam a2200133Ia 4500
003 GCL
008 140319s9999 xx 000 0 ara d
040 _aGCL /
_cGCL
082 0 4 _a189
_bح ج
245 1 0 _aالجدل فى القران
260 _a[S.N] :
_bمكتبه النهضه المصريه ،
_c1986
300 _a150
490 _aكتب
_v0
999 _c32244
_d32244